000 01830cam a22005294i 4500
003 PE-LiUPU
005 20250731165629.0
008 150616s r 000 0 d
020 _a8425400775
035 _a(Sirsi) i9788425400773
040 _aPE-LiUPU
_bspa
_cPE-LiUPU
_erda
049 _aPRUA
082 0 4 _a220.3
_bA88
_221
100 1 _aAusejo, Serafín de,
_eautor.
245 1 0 _aDiccionario de la Biblia /
_cSerafin de Ausejo.
264 1 _aBarcelona :
_bEditorial Herder,
_c1978.
300 _a1063 páginas :
_bIlustraciones ;
_c25 centímetros
336 _atext
_2rdacontent
337 _aunmediated
_2rdamedia
338 _avolume
_2rdacarrier
490 0 _aBiblioteca Herder. Sección de Sagrada Escritura ;
_v27-28
504 _aBibliografía al final de algunas palabras.
505 0 _aSignificado de palabras bíblicas A - Z.
526 _aSEG44
526 _aSEG26
526 _aP151
526 _aP150
526 _aP149
526 _aP146
526 _aP145
526 _aP126
526 _aP125
526 _aP92
526 _aP75
526 _aP74
526 _aP27
526 _aP15
630 _aBiblia
_vDiccionarios.
_95969
650 0 4 _a
910 _ajck
_bjvq
_cjck
942 _2ddc
_cBOOK
949 _aRC 220.3 A88
_wDEWEY
_c1
_i39659
_d2015-10-13
_lCCODEBUL1
_mBUL
_q2
_r0
_sY
_tBOOK
_u2015-6-16
_xTEOLOGIA
_zUNKNOWN
_0COMPRA
_o.CIRCNOTE. No olvidar cambiar la fecha de devolución!!!!!!!
_o.STAFF. Colección General
994 _aC0
_bPEPRU
596 _a1
999 _aRC 220.3 A88
_wDEWEY
_c57520
_i39659
_d57520
_f2021-11-8
_g6
_lCCODEBUL1
_mBUL
_q7
_r1
_sY
_tBOOK
_u2015-6-16
_xTEOLOGIA
_zUNKNOWN
_0COMPRA
_o.CIRCNOTE. No olvidar cambiar la fecha de devolución!!!!!!!
_o.STAFF. Colección General
980 _81
_gALBERTO SANCHEZ Responsable de Automatización